| 000 | 00710cam a2200181 i 4500 | ||
|---|---|---|---|
| 005 | 20251201082614.0 | ||
| 008 | 250721s2009 jo gr 000 0 ara d | ||
| 082 | 1 | 4 |
_a213.21 _bش ه ا |
| 100 | 1 |
_aالدين، علوي بن حامد بن شهاب _eمؤلف. |
|
| 245 | 1 | 0 |
_aلفت الأنظار إلى ما لم يصح من أحاديث النبي المختار / _cتأليف الدكتور علوي بن حامد بن شهاب الدين. |
| 250 | _aالطبعة الأولى. | ||
| 264 | 3 | 1 |
_aعمان : _bدار الجنان، _c2009. |
| 300 | _a159 صفحة. | ||
| 650 | 1 | 7 | _aالحديث الشريف. |
| 650 | 1 | 7 | _aالحديث الضعيف. |
| 942 |
_2ddc _cBK |
||
| 999 |
_c3053 _d3053 |
||